| 000 | 00455nam a22001697a 4500 | ||
|---|---|---|---|
| 003 | CEME | ||
| 005 | 20210628210632.0 | ||
| 008 | 210208b xxu||||| |||| 00| 0 eng d | ||
| 020 | _a0-471-36113-5 | ||
| 040 | _c. | ||
| 082 | _a515 HUG | ||
| 100 |
_aGleason, Andrew.M Mccallum, William.G Hughes-Hallett, Deborah _980287 |
||
| 245 | _aCalculus alternate version | ||
| 260 |
_aNEW YORK _bJOHN WILEY _c2000 |
||
| 650 |
_aCALCULUS _912924 |
||
| 942 |
_cBK _2ddc |
||
| 999 |
_c585229 _d585229 |
||